| 000 | 00654cam a22002173a 4500 | ||
|---|---|---|---|
| 001 | 40144 | ||
| 003 | PGUSA | ||
| 005 | 20140828083908.0 | ||
| 008 | 120705s2012||||xxu|||||s|||||000 | eng d | ||
| 040 |
_aPGUSA _beng |
||
| 042 | _adc | ||
| 100 | 1 |
_aChipiez, Charles, _d1835-1901 |
|
| 245 | 1 | 2 |
_aA history of art in ancient Egypt, Vol. I (of 2) _h[electronic resource] / _cCharles Chipiez |
| 260 |
_bProject Gutenberg, _c2012 |
||
| 506 | _aPublic domain in the USA. | ||
| 516 | _aElectronic text | ||
| 700 | 1 |
_aArmstrong, Walter, _cSir, _d1850-1918 |
|
| 830 | 0 |
_aProject Gutenberg _v40144 |
|
| 856 | 4 | 0 | _uhttp://www.gutenberg.org/ebooks/40144 |
| 942 | _cEB | ||
| 999 |
_c269397 _d269397 |
||